000 00709nab a2200241 a 4500
001 53563
003 124131
005 20201118102925.0
008 ||||||n9999 ||| || ||
041 _aspa
100 _aInfante Caffi, Maria Teresa
245 0 _aIntegracion fisica :
_balcances de un interes permanente
260 _aChile :
_bInstituto de Estudios Internacionales de la Universidad de Chile,
_c1997.
300 _app.195-215
562 _e0
650 _aARGENTINA
650 _aCHILE
650 _aEVOLUCIÓN HISTÓRICA
650 _aINTEGRACION REGIONAL INTERNACIONAL
650 _aTRATADO BILATERAL
773 _051883
_aEstudios Internacionales - Vol.30 No.118
942 _cSART
999 _c53563
_d53563